| 000 | 00417nam a2200145Ia 4500 | ||
|---|---|---|---|
| 999 |
_c11315 _d11315 |
||
| 082 | _aTA.0266 | ||
| 100 | _aAkila, R. | ||
| 245 | 0 | _aCaste and gender in women's education: a study of Tamil Nadu, 1854-1996 | |
| 260 |
_c1999 _bUniversity of Madras, Chennai |
||
| 300 | _a218 | ||
| 504 | _aincludes bibliography | ||
| 650 |
_aWomen _vEducation _vTamil Nadu _z1854-1996 |
||
| 710 | _aRadhakrishnan, P. | ||
| 942 |
_cTH _2ddc |
||